000 00395 a2200133 4500
001 91634
082 _aPR 1599
090 _c43789
_d43788
100 _aNavaid Akhtar; Prof Ahmed Ejaz Nadeem and Shakeel Alvi, Advisors
245 _aComputer Aided Design of Impedance Matching Networks (EADIMN)
_n52 "B" EC
260 _aRawalpindi
_bNUST
_c2000
300 _a54p
500 _aBE Project Reports
942 _aCAE NUST
_kPR 1599
999 _c326707
_d326707